000 00395nam a22001577a 4500
003 macl
005 20200829161600.0
008 200829b xxu||||| |||| 00| 0 eng d
040 _cmacl
082 _a400
100 _aGuider
_979384
245 _aSSC एस. एस. सी. Fill in The Blanks Anglo-Hindi
260 _aमेरठ
_bGuider
650 _aGrmmar
_979439
942 _2ddc
_cHIN
999 _c63041
_d63041